01066nam a2200265 a 450000100060000000300080000600500170001400800410003103500190007204000280009104100080011908200240012710000260015124501010017726000500027830000260032849000880035450000190044265000320046170000470049383000960054094200120063699900170064895201350066551317BD-RjUL20211209075636.0160830s1954 gw 001 0 eng  a(BD-RjUL)51437 aDLCcCarPdBD-RjULbeng aeng 223bBYH 1954a515.81 aByrd, Paul F.915347310aHandbook of elliptic integrals for engineers and physicists /cPaul F Byrd and Morris D Friedman aNew York :bLange, Maxwell & Springer,cc1954 axii, 355 p. ;c24 cm. aDie Grundlehren der mathematischen Wissenschaften in Einzeldarstellungen,vBd. 67.  aInclude index. 0aElliptic functions.91534741 aFriedman, Morris D.ejoint author.9153475 0aDie Grundlehren der mathematischen Wissenschaften in Einzeldarstellungen,vBd. 67. 9153479 2ddccBK c51317d51317 00102ddc40708NFICaRUCLbRUCLcStackd1956-12-04eSwimp marg3.76l0o515.8 BYH 1954r2016-08-30 00:00:00tC-2w2016-08-30yBK